| 000 | 00556nam a2200157Ia 4500 | ||
|---|---|---|---|
| 008 | 090123s9999 xx 000 0 und d | ||
| 082 | _b41520 | ||
| 100 | _aपचिंद्रे श्रीराम ग. | ||
| 245 | _aमुलाखत -शब्दांकन | ||
| 250 | _a1 | ||
| 600 | _aपचिंद्रे श्रीराम ग. | ||
| 630 | _aमुलाखत -शब्दांकन | ||
| 700 | _aपचिंद्रे श्रीराम ग. | ||
| 730 | _aमुलाखत -शब्दांकन | ||
| 942 | _cBOOK | ||
| 999 |
_c79594 _d79594 |
||